Statistics for Host Cities for Euro 2020

Click here to take the quiz!

General Stats

  • This quiz has been taken 84 times
  • The average score is 8 of 12

Answer Stats

Answer% Correct
London
99%
Amsterdam
83%
Rome
83%
Munich
74%
Baku
70%
Budapest
69%
Dublin
65%
Copenhagen
62%
Bucharest
60%
Glasgow
58%
St Petersburg
52%
Bilbao
45%

Score Distribution

Percentile by Number Answered

Percent of People with Each Score

Your Score History

You have not taken this quiz